000 00349 a2200157 4500
001 47309
020 _a9788525058157
040 _cAnchieta - Aquarius
100 _aLobato, Monteiro
240 1 0 _aA pílula falante
_lpor
245 1 0 _aA pílula falante
300 _a39p.
362 0 _a2014
650 4 _aLiteratura infanto-juvenil
942 _cBK
999 _c47309
_d47309